000 00662nam a2200205 u 4500
001 000520816
003 AM-YeHGA
005 20250618072819.0
008 070215s1932 ai r 000 0 arm d
040 _aAM-YeHGA
041 0 _aarm
100 1 _aԴավթյան, Գագիկ Ստեփանի,
_d1909-1980
_9587
245 1 0 _aՀողի քիմիական պարարտացումը /
_cԳ. Դավթյան.
260 _aՅերեվան :
_bՊետհրատ,
_c1932.
300 _a52 էջ ;
_c17 սմ.
440 0 _aԲայլշեվիկյան յերրորդ գարնանացան
650 1 4 _aՀողագործություն
_95073
942 _2udc
_cBK
090 _c195288
999 _c193814
_d193814